[Event "GER-chT U14"]
[Site "Lingen"]
[Date "2011.12.30"]
[Round "7.2"]
[White "Dirks, Alexander"]
[Black "Weinmann, Balduin"]
[Result "1-0"]
[WhiteElo "1372"]
[BlackElo "1116"]
[PlyCount "91"]
[EventDate "2011.12.27"]
[EventType "team-swiss"]
[EventRounds "7"]
[EventCountry "GER"]
[SourceTitle "EXT 2022"]
[Source "ChessBase"]
[SourceDate "2021.10.06"]
[SourceVersion "1"]
[SourceVersionDate "2021.10.06"]
[SourceQuality "1"]
[WhiteTeam "Widdern SC U14"]
[BlackTeam "Karlsruhe 1853 U14"]
[WhiteTeamCountry "GER"]
[BlackTeamCountry "GER"]

1. e4 e5 2. Nf3 Nc6 3. d4 exd4 4. Nxd4 Nf6 5. Nxc6 bxc6 6. Bd3 d5 7. exd5 cxd5 8. 0-0 Be7 9. Nc3 0-0 10. Re1 Bb7 11. Bd2 Bc5 12. Na4 Bb6 13. Nxb6 axb6 14. Bg5 d4 15. a3 Qd5 16. Qf3 Qxf3 17. gxf3 Bxf3 18. Bxf6 gxf6 19. Be4 Bxe4 20. Rxe4 c5 21. Rae1 h6 22. Kh1 Kh7 23. Rf4 Kg6 24. Rg1+ Kh7 25. Rxf6 b5 26. Rc6 Rac8 27. Rxc8 Rxc8 28. Rg3 Re8 29. Rb3 Re2 30. Rxb5 Rxc2 31. Kg2 d3 32. Rb7 Kg7 33. Kf3 c4 34. Rc7 Rc1 35. Ke3 Kf6 36. a4 Re1+ 37. Kd2 Re2+ 38. Kc3 Rxf2 39. Rxc4 d2 40. Rd4 Rxh2 41. Rxd2 Rxd2 42. Kxd2 h5 43. a5 h4 44. Ke2 Kg5 45. a6 h3 46. a7 1-0

[Event "GER-chT U14"]
[Site "Lingen"]
[Date "2011.12.29"]
[Round "5.2"]
[White "Wendland, Tobias"]
[Black "Weinmann, Balduin"]
[Result "1-0"]
[WhiteElo "1621"]
[BlackElo "1116"]
[PlyCount "75"]
[EventDate "2011.12.27"]
[EventType "team-swiss"]
[EventRounds "7"]
[EventCountry "GER"]
[SourceTitle "EXT 2022"]
[Source "ChessBase"]
[SourceDate "2021.10.06"]
[SourceVersion "1"]
[SourceVersionDate "2021.10.06"]
[SourceQuality "1"]
[WhiteTeam "Backnang U14"]
[BlackTeam "Karlsruhe 1853 U14"]
[WhiteTeamCountry "GER"]
[BlackTeamCountry "GER"]

1. d4 d5 2. c4 e6 3. Nc3 Nf6 4. Nf3 Nc6 5. Bg5 Bb4 6. e3 b6 7. a3 Bxc3+ 8. bxc3 Ba6 9. Qa4 Bb7 10. Ne5 Qd6 11. c5 bxc5 12. Bb5 Ne4 13. Bf4 Nxc3 14. Bxc6+ Bxc6 15. Qxc6+ Qxc6 16. Nxc6 0-0 17. dxc5 Ne4 18. Bxc7 Nxc5 19. Bd6 Rfe8 20. Bxc5 a6 21. 0-0 Kh8 22. Rab1 Rac8 23. Rb6 a5 24. Rfb1 h6 25. Rb8 Rxb8 26. Rxb8 Rxb8 27. Nxb8 g5 28. Bb6 a4 29. Nd7 Kg7 30. Nc5 Kg6 31. Nxa4 f5 32. Nc5 Kf6 33. a4 f4 34. a5 Ke5 35. a6 fxe3 36. fxe3 d4 37. exd4+ Kxd4 38. a7 1-0